01243cam a22003257i 45000010009000000050017000090080041000260100017000670160018000840200018001020200015001200200018001350200015001530350024001680400068001920420008002600500033002681000029003012450062003302460044003923000028004365040067004646500023005316500019005549060045005739420033006189990017006519520124006689520125007921762928820161018113312.0130219s2014 cau b 001 0 eng c a 20139333747 a0164992842Uk a9781412947770 a1412947774 a9781412947787 a1412947782 a(OCoLC)ocn843859448 aBTCTAbengcBTCTAerdadUKMGBdBDXdYDXCPdMNUdCGUdOCLCFdDLC apcc00aHN29.5.M534 2014b.M534 20141 aMidgley, James,eauthor.10aSocial development :btheory & practice /cJames Midgley.3 aSocial development, theory and practice axvi, 280 pages ;c25 cm aIncludes bibliographical references (pages 240-264) and index. 0aApplied sociology. 0aSocial change. a7bcbccpccadapd2encipf20gy-gencatlg 2lcccBOOKShHN29.5.M534 2014 c15023d15023 00102lcc4070aMUCbMUCcSLd2016-10-18ePurchaseg4300.00l0oHN29.5.M534 2014p26984r2016-10-18w2016-10-18yBOOKS 00102lcc4070aMUCbMUCcGENd2016-10-18ePurchaseg4300.00l0oHN29.5.M534 2014p26983r2016-10-18w2016-10-18yBOOKS